000 00577nam a2200193 a 4500
005 20140412111337.0
008 050418s19uu xx 00 eng d
020 _a0-02-830937-5
050 _aBB
_bOu2 2000
100 _aMckeough, Anne
245 _aOur neighborhood at work /
_cby Anne McKeough, et al.
260 _aColumbus, Ohio :
_bSRA/McGraw-Hill,
_c2000.
300 _a48 p. ; ill.
440 _aSRA Open Court Reading
500 _aContents: Guess Who?--Worksong.
650 _aCommunities
_xJuvenile literature
650 _aChildren stories
999 _c105051
_d105051